[Event "Torneo Zonal FIDE 2.5 Masculino 2011"]
[Site "Asuncion PAR"]
[Date "2011.05.22"]
[Round "7.14"]
[White "Avalos Parra, Joao"]
[Black "Daneri, Martin"]
[Result "1-0"]
[WhiteElo "2251"]
[BlackElo "2095"]
[PlyCount "93"]
[EventDate "2011.05.16"]
[EventType "swiss"]
[EventRounds "9"]
[EventCountry "PAR"]
[Source "lmi"]
[SourceDate "2011.05.16"]

1. c4 g6 2. g3 c5 3. Bg2 Nc6 4. Nc3 Bg7 5. Nf3 e5 6. O-O Nge7 7. a3 O-O 8. Rb1
a5 9. d3 d6 10. Ne1 Be6 11. Nc2 d5 12. cxd5 Nxd5 13. Ne3 Nxe3 14. Bxe3 Qe7 15.
Bxc6 bxc6 16. Ne4 Rfd8 17. Bxc5 Qb7 18. Qc2 Bb3 19. Qc3 f5 20. Nd6 Qb8 21. Nc4
e4 22. d4 a4 23. Rfc1 f4 24. Ne5 Bxe5 25. dxe5 g5 26. Be7 Bd5 27. Bxg5 Rf8 28.
gxf4 Qc8 29. Qg3 Kf7 30. Qh4 Rg8 31. Rc3 Qf5 32. Rg3 Rab8 33. Qh5+ Ke6 34. Qh6+
Qg6 35. Qh4 Qf7 36. Bf6 Kd7 37. f5 Kc8 38. e6 Qf8 39. Rc1 Rb7 40. Kf1 h5 41. e7
Qe8 42. Rxg8 Qxg8 43. Qxh5 Kd7 44. Qg6 Rb3 45. Qxg8 Bxg8 46. Rxc6 Rb8 47. Rc2
1-0

[Event "Torneo Zonal FIDE 2.5 Masculino 2011"]
[Site "Asuncion PAR"]
[Date "2011.05.22"]
[Round "7.15"]
[White "Peralta, Eduardo"]
[Black "Florentin, Damaso"]
[Result "1-0"]
[WhiteElo "2237"]
[BlackElo "1743"]
[PlyCount "91"]
[EventDate "2011.05.16"]
[EventType "swiss"]
[EventRounds "9"]
[EventCountry "PAR"]
[Source "lmi"]
[SourceDate "2011.05.16"]

1. e4 d6 2. d4 c6 3. c4 Qc7 4. Nc3 e5 5. Nf3 Bg4 6. Be2 Nd7 7. Be3 Be7 8. O-O
Bh5 9. b4 Ngf6 10. h3 a6 11. Rc1 O-O 12. d5 c5 13. Qb3 Bg6 14. Nd2 Nh5 15. a3
h6 16. Rfe1 Nf4 17. Bf1 f5 18. exf5 Rxf5 19. g3 Rf7 20. Nde4 Nh5 21. Qd1 b6 22.
Bd3 Nf8 23. bxc5 bxc5 24. Nxc5 Bxd3 25. Nxd3 Nf6 26. Ne2 Qd7 27. Kg2 Qf5 28.
Ng1 g5 29. Nb4 Ng6 30. Nc6 Nf4+ 31. Kh2 Nd3 32. Qc2 e4 33. Rf1 Nxc1 34. Rxc1
Re8 35. Ne2 Bf8 36. Rf1 Qf3 37. Ned4 Qh5 38. Kg2 Nd7 39. Qd1 Qg6 40. Ne6 Bg7
41. Qa4 Rf3 42. Ncd4 Nc5 43. Qd1 Bxd4 44. Nxd4 Rf6 45. Nc6 Qf7 46. Qe2 1-0

[Event "Torneo Zonal FIDE 2.5 Masculino 2011"]
[Site "Asuncion PAR"]
[Date "2011.05.22"]
[Round "7.16"]
[White "Torres, Mauricio"]
[Black "Heinechen, John"]
[Result "0-1"]
[WhiteElo "1724"]
[BlackElo "1799"]
[PlyCount "64"]
[EventDate "2011.05.16"]
[EventType "swiss"]
[EventRounds "9"]
[EventCountry "PAR"]
[Source "lmi"]
[SourceDate "2011.05.16"]

1. e4 e6 2. Qe2 c5 3. f4 Nc6 4. Nf3 Be7 5. g3 d5 6. e5 h5 7. d3 b5 8. c3 Qb6 9.
Be3 Nh6 10. Nbd2 Ng4 11. h3 Nxe3 12. Qxe3 d4 13. cxd4 cxd4 14. Qe2 Bb7 15. Bg2
Nb4 16. Nb3 Rc8 17. O-O Rc2 18. Qd1 Rxb2 19. a3 Nd5 20. Rf2 Ne3 21. Rxb2 Nxd1
22. Rxd1 Bxa3 23. Ra2 Bb4 24. Nfxd4 Bc3 25. Bxb7 Qxb7 26. Rc1 b4 27. h4 O-O 28.
Kh2 Bxd4 29. Nxd4 Rd8 30. Nc6 Rxd3 31. Rxa7 Qb6 32. Ra8+ Kh7 0-1

[Event "Torneo Zonal FIDE 2.5 Masculino 2011"]
[Site "Asuncion PAR"]
[Date "2011.05.22"]
[Round "7.17"]
[White "Lipiniks, Leonardo"]
[Black "Saldana, Fernando Javier"]
[Result "1-0"]
[WhiteElo "1852"]
[BlackElo "1742"]
[PlyCount "90"]
[EventDate "2011.05.16"]
[EventType "swiss"]
[EventRounds "9"]
[EventCountry "PAR"]
[Source "lmi"]
[SourceDate "2011.05.16"]

1. e4 c5 2. Nf3 e6 3. d4 cxd4 4. Nxd4 Nc6 5. Nb3 Nf6 6. Nc3 Qc7 7. Be3 a6 8.
Bd3 b5 9. a4 b4 10. Ne2 d5 11. Ng3 Be7 12. O-O O-O 13. Rc1 Rd8 14. Qe2 Bb7 15.
f4 dxe4 16. Nxe4 Nd5 17. Bd2 Qb6+ 18. Kh1 Nd4 19. Nxd4 Qxd4 20. b3 Nf6 21. Be3
Qd5 22. Ng5 Bc5 23. Bxc5 Qxc5 24. Rce1 Qc6 25. Nf3 Rd6 26. Ne5 Qe8 27. Nc4 Rdd8
28. Nb6 Qc6 29. Nxa8 Rxa8 30. Rf2 Rd8 31. f5 exf5 32. Bxf5 Rf8 33. Bd3 Rc8 34.
Qf3 Qc3 35. Qe3 Rf8 36. h3 Nd5 37. Qe5 Qc8 38. Bc4 Nf6 39. Qe7 Qxh3+ 40. Kg1
Qc8 41. Qxb4 h5 42. Qe7 Qc6 43. Re5 Qb6 44. Rg5 Rd8 45. Qxf7+ Kh7 1-0

[Event "Torneo Zonal FIDE 2.5 Masculino 2011"]
[Site "Asuncion PAR"]
[Date "2011.05.23"]
[Round "8.2"]
[White "Felgaer, Ruben"]
[Black "Pierrot, Facundo"]
[Result "1-0"]
[WhiteElo "2570"]
[BlackElo "2449"]
[PlyCount "69"]
[EventDate "2011.05.16"]
[EventType "swiss"]
[EventRounds "9"]
[EventCountry "PAR"]
[Source "lmi"]
[SourceDate "2011.05.16"]

1. e4 e5 2. Nf3 Nf6 3. Nxe5 d6 4. Nf3 Nxe4 5. d4 d5 6. Bd3 Be7 7. O-O Nc6 8. c4
Nb4 9. Be2 O-O 10. Nc3 Bf5 11. a3 Nxc3 12. bxc3 Nc6 13. Re1 Re8 14. h3 h6 15.
Be3 dxc4 16. Bxc4 Bd6 17. Nd2 Qd7 18. Qh5 Na5 19. Ba2 b6 20. a4 Bh7 21. g4 c5
22. dxc5 bxc5 23. Nf3 Be4 24. Rad1 c4 25. Ne5 Rxe5 26. Qxe5 Bxe5 27. Rxd7 Bxc3
28. Bd2 Bxd2 29. Rxe4 c3 30. Rxf7 Kh8 31. Rc7 Rb8 32. Bf7 Nb7 33. Re8+ Rxe8 34.
Bxe8 g5 35. Bg6 1-0

[Event "Torneo Zonal FIDE 2.5 Masculino 2011"]
[Site "Asuncion PAR"]
[Date "2011.05.23"]
[Round "8.4"]
[White "Sabas, Jorge"]
[Black "Bachmann, Axel"]
[Result "0-1"]
[WhiteElo "2267"]
[BlackElo "2551"]
[PlyCount "106"]
[EventDate "2011.05.16"]
[EventType "swiss"]
[EventRounds "9"]
[EventCountry "PAR"]
[Source "lmi"]
[SourceDate "2011.05.16"]

1. d4 Nf6 2. c4 g6 3. Nc3 Bg7 4. e4 d6 5. Be2 O-O 6. Nf3 Bg4 7. Be3 Nfd7 8. Qd2
c5 9. d5 Re8 10. O-O Na6 11. h3 Bxf3 12. Bxf3 Nc7 13. Bg4 a6 14. a4 Rb8 15. f4
b5 16. Bxd7 Qxd7 17. e5 bxc4 18. Rad1 Rb3 19. Qe2 Reb8 20. Bc1 R3b4 21. Rf3 f5
22. h4 h5 23. Rg3 Kh7 24. Re3 Re8 25. Qc2 e6 26. exd6 Nxd5 27. Re5 Nf6 28. Kh1
Ng4 29. Rxc5 Qa7 30. Rc7 Qf2 31. Qxf2 Nxf2+ 32. Kh2 Nxd1 33. Nxd1 Rb6 34. Ne3
Rxd6 35. Nxc4 Rdd8 36. b3 Kg8 37. Rc6 Rd3 38. Rb6 Bf6 39. Ne5 Rd4 40. Nf3 Rd3
41. Ne5 Rd1 42. Rc6 Bxh4 43. b4 Be1 44. g3 Bxb4 45. Nxg6 Bd6 46. Be3 Kf7 47.
Ne5+ Bxe5 48. fxe5 Rb8 49. Bb6 a5 50. Kg2 Rd5 51. Kf2 Rxe5 52. Rc7+ Kg6 53. Bd4
Re4 0-1

[Event "Torneo Zonal FIDE 2.5 Masculino 2011"]
[Site "Asuncion PAR"]
[Date "2011.05.23"]
[Round "8.5"]
[White "Latorre, Matias"]
[Black "Mayorga, Nicolas"]
[Result "0-1"]
[WhiteElo "2197"]
[BlackElo "2293"]
[PlyCount "75"]
[EventDate "2011.05.16"]
[EventType "swiss"]
[EventRounds "9"]
[EventCountry "PAR"]
[Source "lmi"]
[SourceDate "2011.05.16"]

1. g3 g6 2. Bg2 Bg7 3. Nf3 Nf6 4. O-O O-O 5. d4 c5 6. c4 Na6 7. d5 d6 8. Nc3
Nc7 9. e4 Rb8 10. a4 b6 11. Re1 e5 12. dxe6 Bxe6 13. Bf4 Nfe8 14. Qe2 Bg4 15.
Red1 Ne6 16. Be3 N8c7 17. Nb5 Nxb5 18. axb5 Qe7 19. Rd3 Rfd8 20. Qd2 Bxf3 21.
Bxf3 Nd4 22. Bg2 Rd7 23. Re1 Qe6 24. Qc1 h5 25. h3 Re8 26. Kh2 Rde7 27. Rdd1
Qc8 28. Bf4 Re6 29. h4 a6 30. Bh3 Nf3+ 31. Kh1 Nxe1 32. Bxe6 Qxe6 33. Rxe1 axb5
34. cxb5 Qb3 35. Re3 Qxb5 36. Bxd6 Qc6 37. Bf4 Bd4 38. Rd3 0-1

[Event "Torneo Zonal FIDE 2.5 Masculino 2011"]
[Site "Asuncion PAR"]
[Date "2011.05.23"]
[Round "8.6"]
[White "Rodriguez Vila, Andres"]
[Black "Valdes Escobar, Alvaro"]
[Result "1-0"]
[WhiteElo "2527"]
[BlackElo "2419"]
[PlyCount "105"]
[EventDate "2011.05.16"]
[EventType "swiss"]
[EventRounds "9"]
[EventCountry "PAR"]
[Source "lmi"]
[SourceDate "2011.05.16"]

1. e4 c5 2. Nf3 d6 3. d4 cxd4 4. Nxd4 Nf6 5. Nc3 a6 6. Bc4 e6 7. Bb3 b5 8. O-O
Be7 9. Re1 O-O 10. f4 b4 11. Na4 Bb7 12. c3 bxc3 13. Nxc3 Nc6 14. f5 Nxd4 15.
Qxd4 e5 16. Qd3 h6 17. Be3 Rc8 18. Rad1 Qa5 19. Bf2 Rfe8 20. h3 Qb4 21. Re2 a5
22. Nd5 Bxd5 23. Bxd5 Nxd5 24. Qxd5 a4 25. b3 axb3 26. axb3 Rc3 27. Re3 Rxe3
28. Bxe3 Rb8 29. Bf2 Bg5 30. Rd3 h5 31. h4 Be7 32. Rf3 Rc8 33. Kh2 Bf6 34. Qd3
Rc1 35. Re3 Qa3 36. Re1 Rxe1 37. Bxe1 Qc1 38. Bg3 Qc5 39. Qa6 Qb4 40. Qa4 Qb6
41. b4 Qb7 42. b5 Bd8 43. Qa6 Qb6 44. Qc8 Qc7 45. Qxc7 Bxc7 46. Bf2 Bb8 47. Kg3
Kf8 48. Kf3 Ke7 49. Ke3 Ba7+ 50. Ke2 Bxf2 51. Kxf2 Kd7 52. f6 g6 53. Ke3 1-0

[Event "Torneo Zonal FIDE 2.5 Masculino 2011"]
[Site "Asuncion PAR"]
[Date "2011.05.23"]
[Round "8.7"]
[White "Jodorcovsky Werjivker, Paulo"]
[Black "Lujan, Carolina"]
[Result "0-1"]
[WhiteElo "2182"]
[BlackElo "2353"]
[PlyCount "74"]
[EventDate "2011.05.16"]
[EventType "swiss"]
[EventRounds "9"]
[EventCountry "PAR"]
[Source "lmi"]
[SourceDate "2011.05.16"]

1. d4 f5 2. Nf3 Nf6 3. g3 g6 4. Bg2 Bg7 5. O-O O-O 6. b3 d6 7. Bb2 e6 8. c4 Qe8
9. Nbd2 h6 10. Qc2 Nc6 11. e4 e5 12. dxe5 dxe5 13. Rfe1 f4 14. c5 Nh5 15. b4
Bg4 16. b5 Nd8 17. a4 Kh7 18. c6 bxc6 19. bxc6 Nxc6 20. Ra3 Rb8 21. Rc1 Nd4 22.
Bxd4 exd4 23. Qc5 fxg3 24. hxg3 Rf7 25. Qxa7 Ra8 26. Qb7 Rxa4 27. Rxa4 Qxa4 28.
Rxc7 Qd1+ 29. Kh2 Rxf3 30. Nxf3 Bxf3 31. Qd5 Nf6 32. Qf7 Ng4+ 33. Kh3 Nxf2+ 34.
Kh2 Ng4+ 35. Kh3 Bxg2+ 36. Kxg2 Ne3+ 37. Kh2 Qe2+ 0-1

[Event "Torneo Zonal FIDE 2.5 Masculino 2011"]
[Site "Asuncion PAR"]
[Date "2011.05.23"]
[Round "8.8"]
[White "Toniutti, Ezio"]
[Black "Kropff, Ricardo"]
[Result "1-0"]
[WhiteElo "2133"]
[BlackElo "2298"]
[PlyCount "57"]
[EventDate "2011.05.16"]
[EventType "swiss"]
[EventRounds "9"]
[EventCountry "PAR"]
[Source "lmi"]
[SourceDate "2011.05.16"]

1. d4 Nf6 2. c4 g6 3. Nc3 d5 4. Bf4 Bg7 5. e3 O-O 6. Rc1 b6 7. Qb3 Bb7 8. Nf3
e6 9. h3 Nbd7 10. Nb5 c5 11. Bd6 Re8 12. Nc7 cxd4 13. Nxa8 Bxa8 14. exd4 e5 15.
dxe5 Nxe5 16. Bxe5 Nd7 17. Be2 Nxe5 18. O-O dxc4 19. Qd1 Qf6 20. Nxe5 Qxe5 21.
Bxc4 Qxb2 22. Rc2 Qb4 23. Bd5 Qe7 24. Bxa8 Rxa8 25. Re1 Qb4 26. Rc7 Bd4 27.
Ree7 Rf8 28. a3 Qd6 29. Rcd7 1-0

[Event "Torneo Zonal FIDE 2.5 Masculino 2011"]
[Site "Asuncion PAR"]
[Date "2011.05.23"]
[Round "8.9"]
[White "Vazquez, Guilermo"]
[Black "Richter Becerra, Hans"]
[Result "1-0"]
[WhiteElo "2199"]
[BlackElo "2148"]
[PlyCount "151"]
[EventDate "2011.05.16"]
[EventType "swiss"]
[EventRounds "9"]
[EventCountry "PAR"]
[Source "lmi"]
[SourceDate "2011.05.16"]

1. d4 d5 2. Nf3 Nf6 3. c4 c6 4. e3 Bf5 5. Nc3 e6 6. Nh4 Bg6 7. Nxg6 hxg6 8. Be2
Qc7 9. g3 Nbd7 10. cxd5 exd5 11. Bd2 Bd6 12. Rc1 Qd8 13. Bf3 Qe7 14. Qc2 Qe6
15. Bg2 Kf8 16. h3 Re8 17. Ne2 g5 18. Qa4 a6 19. Qb3 Rb8 20. Bb4 g6 21. Rc2 Kg7
22. Bxd6 Qxd6 23. O-O Qe6 24. g4 Ne4 25. f4 Ndf6 26. fxg5 Nxg5 27. Nf4 Qe7 28.
Qc3 Rbe8 29. Re2 Nfe4 30. Qe1 a5 31. Kh2 Qd7 32. Kg1 Qe7 33. Kh2 Qd7 34. Kg1
Qd8 35. Kh2 Rh4 36. Bxe4 dxe4 37. Qxh4 Nf3+ 38. Rxf3 Qxh4 39. Rf1 Qd8 40. Rc2
a4 41. Rc5 Qb6 42. Rf2 Qb4 43. Re2 Kg8 44. Kg3 Ra8 45. Re5 Qc4 46. a3 Ra6 47.
h4 Rb6 48. Rc5 Qa2 49. Rcc2 Qb1 50. g5 Rb3 51. Ng2 Qf1 52. Rf2 Qb5 53. Kf4 Qf5+
54. Kg3 Qd5 55. Kf4 b6 56. Kg4 Rd3 57. Rf6 c5 58. h5 gxh5+ 59. Kxh5 Rd1 60.
Rcf2 Rh1+ 61. Nh4 cxd4 62. R2f5 Qc4 63. g6 Qe2+ 64. Kg5 Qxe3+ 65. Kh5 Qe2+ 66.
Kg5 Rg1+ 67. Kh6 Qe3+ 68. Rf4 Rh1 69. gxf7+ Kf8 70. Kg5 Rg1+ 71. Kf5 Qh3+ 72.
Ke5 d3 73. Rf1 Rxf1 74. Ng6+ Kg7 75. f8=Q+ Kh7 76. Qh8# 1-0

[Event "Torneo Zonal FIDE 2.5 Masculino 2011"]
[Site "Asuncion PAR"]
[Date "2011.05.23"]
[Round "8.10"]
[White "Latorre, Manuel"]
[Black "Larrea, Manuel"]
[Result "0-1"]
[WhiteElo "2312"]
[BlackElo "2299"]
[PlyCount "76"]
[EventDate "2011.05.16"]
[EventType "swiss"]
[EventRounds "9"]
[EventCountry "PAR"]
[Source "lmi"]
[SourceDate "2011.05.16"]

1. d4 f5 2. Nc3 Nf6 3. Bg5 d5 4. Bxf6 exf6 5. e3 c6 6. Qf3 Be6 7. Bd3 g6 8.
Nge2 Bd6 9. h4 h5 10. O-O-O Nd7 11. Nf4 Bf7 12. Nb1 Qa5 13. a3 b5 14. Rde1 b4
15. axb4 Qxb4 16. c3 Qb7 17. Re2 a5 18. Rc2 Rb8 19. Qe2 O-O 20. g4 Bxf4 21.
exf4 Rfe8 22. Qd2 hxg4 23. h5 gxh5 24. Bxf5 Nb6 25. Na3 Nc4 26. Nxc4 dxc4 27.
f3 c5 28. Rf1 a4 29. fxg4 a3 30. Kb1 Qa7 31. Qg2 axb2 32. gxh5+ Kh8 33. Rxb2
Rxb2+ 34. Kxb2 Rb8+ 35. Kc1 Qa1+ 36. Kd2 Rb2+ 37. Ke3 cxd4+ 38. Kxd4 Qa7+ 0-1

[Event "Torneo Zonal FIDE 2.5 Masculino 2011"]
[Site "Asuncion PAR"]
[Date "2011.05.23"]
[Round "8.11"]
[White "Jimenez, Joaquin"]
[Black "Mesias Rojas, Rabindranath"]
[Result "1-0"]
[WhiteElo "2224"]
[BlackElo "2205"]
[PlyCount "97"]
[EventDate "2011.05.16"]
[EventType "swiss"]
[EventRounds "9"]
[EventCountry "PAR"]
[Source "lmi"]
[SourceDate "2011.05.16"]

1. e4 c5 2. Nf3 Nf6 3. e5 Nd5 4. Nc3 e6 5. Nxd5 exd5 6. d4 Nc6 7. dxc5 Bxc5 8.
Bd3 d6 9. exd6 Qxd6 10. O-O O-O 11. c3 h6 12. Bc2 Ne7 13. Nd4 f5 14. Be3 f4 15.
Nb5 Qb6 16. Bxc5 Qxc5 17. Nd4 Rf6 18. Re1 Bd7 19. Qd3 Nf5 20. Re5 Nxd4 21. cxd4
Qc6 22. Rxd5 Re8 23. Re5 g6 24. Rae1 Ref8 25. Qe4 Qxe4 26. Bxe4 Bc6 27. d5 Bd7
28. Rc1 Bf5 29. Bf3 Rd8 30. h4 h5 31. Rc7 Rf7 32. Ree7 Rxe7 33. Rxe7 Rd7 34.
Rxd7 Bxd7 35. Be4 Kf7 36. Kf1 Kf6 37. Ke2 g5 38. g3 fxg3 39. fxg3 gxh4 40. gxh4
Ke5 41. Bf3 Be8 42. Kd3 b5 43. Kc3 a5 44. a4 b4+ 45. Kc4 Kd6 46. b3 Bg6 47. Kb5
Bc2 48. Kxa5 Kc5 49. d6 1-0

[Event "Torneo Zonal FIDE 2.5 Masculino 2011"]
[Site "Asuncion PAR"]
[Date "2011.05.23"]
[Round "8.12"]
[White "Roselli Mailhe, Bernardo"]
[Black "Avalos Parra, Joao"]
[Result "1-0"]
[WhiteElo "2437"]
[BlackElo "2251"]
[PlyCount "51"]
[EventDate "2011.05.16"]
[EventType "swiss"]
[EventRounds "9"]
[EventCountry "PAR"]
[Source "lmi"]
[SourceDate "2011.05.16"]

1. d4 Nf6 2. c4 e6 3. Nc3 Bb4 4. Qc2 O-O 5. a3 Bxc3+ 6. Qxc3 b5 7. cxb5 c6 8.
f3 Nh5 9. Nh3 f5 10. e3 Bb7 11. a4 a6 12. bxa6 Nxa6 13. Be2 Qh4+ 14. Nf2 Nc7
15. Qb4 Rab8 16. Qd6 Qd8 17. O-O Ne8 18. Qa3 Rf6 19. a5 Rg6 20. e4 d5 21. e5
Qh4 22. Rd1 c5 23. a6 Bc6 24. Qxc5 Rc8 25. a7 Qd8 26. Qxc6 1-0

[Event "Torneo Zonal FIDE 2.5 Masculino 2011"]
[Site "Asuncion PAR"]
[Date "2011.05.23"]
[Round "8.13"]
[White "Heinechen, John"]
[Black "Peralta, Eduardo"]
[Result "0-1"]
[WhiteElo "1799"]
[BlackElo "2237"]
[PlyCount "108"]
[EventDate "2011.05.16"]
[EventType "swiss"]
[EventRounds "9"]
[EventCountry "PAR"]
[Source "lmi"]
[SourceDate "2011.05.16"]

1. d4 g6 2. Nf3 Bg7 3. Bf4 f5 4. e3 Nf6 5. h3 c6 6. c4 d6 7. Nc3 O-O 8. Be2 Qe8
9. Qb3 Kh8 10. O-O-O a5 11. a4 Na6 12. h4 Nh5 13. Bh2 e5 14. Ng5 h6 15. Bxh5
gxh5 16. Nf3 Nb4 17. Rd2 e4 18. Ne1 Qg6 19. Rg1 Bd7 20. Na2 Nxa2+ 21. Qxa2 b5
22. Qa3 bxc4 23. Qxd6 Qxd6 24. Bxd6 Rf7 25. Rc2 Be6 26. g3 Rb7 27. Ng2 Rb4 28.
Bxb4 axb4 29. Nf4 Bf7 30. Kb1 b3 31. Rd2 Rxa4 32. Ne2 Bf8 33. Nc3 Ra5 34. f3
exf3 35. Rf1 Bb4 36. Rxf3 Bxc3 37. bxc3 Bd5 38. Rf4 Kg7 39. Rdf2 Kg6 40. Kb2
Be4 41. Kc1 Ra1+ 42. Kb2 Re1 43. Ka3 Rxe3 44. Kb4 Rxg3 45. Rxe4 fxe4 46. Kxc4
e3 47. Re2 Kf5 48. Kxb3 Kf4 49. Kc4 Rg1 50. Ra2 Rc1 51. Ra8 e2 52. Re8 Kf3 53.
Kc5 Rxc3+ 54. Kd6 Re3 0-1

[Event "Torneo Zonal FIDE 2.5 Masculino 2011"]
[Site "Asuncion PAR"]
[Date "2011.05.23"]
[Round "8.14"]
[White "Roman, Rodrigo"]
[Black "Lipiniks, Leonardo"]
[Result "1-0"]
[WhiteElo "1986"]
[BlackElo "1852"]
[PlyCount "108"]
[EventDate "2011.05.16"]
[EventType "swiss"]
[EventRounds "9"]
[EventCountry "PAR"]
[Source "lmi"]
[SourceDate "2011.05.16"]

1. Nf3 Nf6 2. g3 c5 3. Bg2 d5 4. O-O Nc6 5. c4 e6 6. cxd5 exd5 7. d4 Be6 8. Nc3
Be7 9. Bg5 cxd4 10. Nxd4 O-O 11. Nxe6 fxe6 12. Qb3 Qd7 13. e4 Nd4 14. Qd1 dxe4
15. Nxe4 e5 16. Nd2 Kh8 17. Nb3 Rac8 18. Qd3 b6 19. Rad1 Bc5 20. Be3 Rfd8 21.
Kh1 Qe7 22. Nxc5 bxc5 23. Rc1 g6 24. Qc3 Rc7 25. Rfe1 Kg7 26. Bf4 Rd6 27. Qa5
Re6 28. Be3 Ne8 29. Bh3 Rb6 30. Bf4 Nc6 31. Qc3 Kf6 32. Qf3 Kg7 33. Qc3 Nf6 34.
Bxe5 Nxe5 35. Rxe5 Qd8 36. b3 Rd6 37. Rxc5 Rd1+ 38. Rxd1 Qxd1+ 39. Kg2 Qd5+ 40.
Rxd5 Rxc3 41. Ra5 Rc7 42. Kf3 Rc3+ 43. Ke2 Rc2+ 44. Ke3 Rc3+ 45. Kd4 Rc2 46.
Rxa7+ Kh6 47. f4 Rxh2 48. Be6 Rg2 49. Rf7 Ne8 50. g4 g5 51. Bd7 Nc7 52. Bc6
Ne6+ 53. Ke5 Re2+ 54. Be4 Nxf4 1-0

[Event "Torneo Zonal FIDE 2.5 Masculino 2011"]
[Site "Asuncion PAR"]
[Date "2011.05.23"]
[Round "8.17"]
[White "Saldana, Fernando Javier"]
[Black "Torres, Mauricio"]
[Result "1-0"]
[WhiteElo "1742"]
[BlackElo "1724"]
[PlyCount "95"]
[EventDate "2011.05.16"]
[EventType "swiss"]
[EventRounds "9"]
[EventCountry "PAR"]
[Source "lmi"]
[SourceDate "2011.05.16"]

1. e4 c5 2. c3 Qa5 3. f4 d6 4. Nf3 Nc6 5. Na3 g6 6. Nc4 Qc7 7. d4 Bg4 8. d5 Na5
9. Ne3 Bxf3 10. Qxf3 c4 11. Be2 Bg7 12. O-O Nf6 13. Nc2 h5 14. Be3 Ng4 15. Bd4
Nf6 16. e5 Ng4 17. h3 dxe5 18. fxe5 Nxe5 19. Bxe5 Qxe5 20. Qxf7+ Kd7 21. Bf3
Raf8 22. Qxg6 Rh6 23. Qe4 Qxe4 24. Bxe4 Rhf6 25. Bf3 h4 26. Rfe1 Kd6 27. Rad1
Bh6 28. Nd4 Bf4 29. Re6+ Rxe6 30. Nxe6 Rf6 31. Nxf4 Rxf4 32. Re1 Rf6 33. Kf2 b6
34. Re4 Rh6 35. Ke3 Nb7 36. Rxc4 Nd8 37. Rc8 Nf7 38. Rc6+ Ke5 39. Rc7 Kd6 40.
Rxa7 Ne5 41. Be2 Rh7 42. c4 Rg7 43. Kf2 Kc5 44. b3 Rf7+ 45. Ke3 Rg7 46. Kf2
Rf7+ 47. Kg1 Kd4 48. Rb7 1-0

[Event "Torneo Zonal FIDE 2.5 Masculino 2011"]
[Site "Asuncion PAR"]
[Date "2011.05.24"]
[Round "9.3"]
[White "Mareco, Sandro"]
[Black "Mayorga, Nicolas"]
[Result "1-0"]
[WhiteElo "2591"]
[BlackElo "2293"]
[PlyCount "155"]
[EventDate "2011.05.16"]
[EventType "swiss"]
[EventRounds "9"]
[EventCountry "PAR"]
[Source "lmi"]
[SourceDate "2011.05.16"]

1. d4 Nf6 2. c4 e6 3. Nf3 c5 4. d5 exd5 5. cxd5 g6 6. Nc3 d6 7. Bf4 a6 8. a4
Bg7 9. h3 O-O 10. e3 Qe7 11. Be2 Nbd7 12. O-O Rb8 13. Re1 h6 14. Nd2 Ne5 15.
Bh2 g5 16. a5 Ne8 17. Qc2 b5 18. axb6 Rxb6 19. Bxe5 Bxe5 20. Nc4 Rb4 21. Nxe5
Qxe5 22. Bxa6 Bxa6 23. Rxa6 Nc7 24. Rc6 Nxd5 25. Rd1 Nxc3 26. bxc3 Rc4 27.
Rcxd6 Rxc3 28. Qe2 Kg7 29. Qa2 Rc1 30. Rxc1 Qxd6 31. Qb2+ Kg8 32. Qc2 Rc8 33.
Qf5 Rc7 34. h4 Qe6 35. Rxc5 Qxf5 36. Rxf5 gxh4 37. Kh2 Kg7 38. Rf4 Kg6 39. Rxh4
Kg5 40. Rd4 Re7 41. Kg3 Rb7 42. Ra4 f6 43. Ra8 Rb2 44. Rg8+ Kf5 45. f3 Rb1 46.
Kh2 h5 47. Kg3 Rh1 48. e4+ Ke6 49. Rh8 Kf7 50. Kf4 Kg7 51. Rb8 Ra1 52. Rd8 Kg6
53. g3 Ra3 54. Rd6 Kg7 55. Rd1 Kg6 56. Re1 Ra4 57. Re3 Rb4 58. Rd3 Ra4 59. Ke3
Ra1 60. f4 Rg1 61. Kf2 Ra1 62. Rd7 Ra2+ 63. Ke3 Ra3+ 64. Kd4 Rxg3 65. f5+ Kg5
66. Rg7+ Kf4 67. Rxg3 Kxg3 68. e5 fxe5+ 69. Ke3 h4 70. f6 h3 71. f7 h2 72. f8=Q
h1=Q 73. Qg7+ Kh3 74. Qh6+ Kg2 75. Qg5+ Kf1 76. Qf5+ Kg2 77. Qg4+ Kh2 78. Kf2
1-0

[Event "Torneo Zonal FIDE 2.5 Masculino 2011"]
[Site "Asuncion PAR"]
[Date "2011.05.24"]
[Round "9.4"]
[White "Lujan, Carolina"]
[Black "Lemos, Damian"]
[Result "0-1"]
[WhiteElo "2353"]
[BlackElo "2550"]
[PlyCount "46"]
[EventDate "2011.05.16"]
[EventType "swiss"]
[EventRounds "9"]
[EventCountry "PAR"]
[Source "lmi"]
[SourceDate "2011.05.16"]

1. e4 e5 2. Nf3 Nc6 3. Bc4 Bc5 4. d3 Nf6 5. Nc3 d6 6. Bg5 h6 7. Bxf6 Qxf6 8.
Nd5 Qd8 9. c3 a6 10. d4 Ba7 11. h3 O-O 12. O-O b5 13. Bb3 Kh8 14. a4 f5 15.
exf5 Bxf5 16. axb5 axb5 17. Ne3 Be4 18. Bd5 Bxd5 19. Nxd5 Qd7 20. Qd3 Qf7 21.
Qxb5 Nd8 22. Qc4 c6 23. Nb6 Bxb6 0-1

[Event "Torneo Zonal FIDE 2.5 Masculino 2011"]
[Site "Asuncion PAR"]
[Date "2011.05.24"]
[Round "9.6"]
[White "Larrea, Manuel"]
[Black "Toniutti, Ezio"]
[Result "1-0"]
[WhiteElo "2299"]
[BlackElo "2133"]
[PlyCount "90"]
[EventDate "2011.05.16"]
[EventType "swiss"]
[EventRounds "9"]
[EventCountry "PAR"]
[Source "lmi"]
[SourceDate "2011.05.16"]

1. c4 e5 2. Nc3 Nf6 3. g3 d5 4. cxd5 Nxd5 5. Bg2 Nb6 6. Nf3 Nc6 7. O-O Be7 8.
Rb1 a5 9. d3 O-O 10. Be3 Be6 11. a3 Nd5 12. Nxd5 Bxd5 13. Qc2 Nd4 14. Bxd4 exd4
15. e3 dxe3 16. fxe3 c5 17. a4 Re8 18. Ne5 Bf8 19. Nc4 Rb8 20. Bxd5 Qxd5 21.
Rf4 Rbd8 22. Rbf1 Re7 23. Qf2 Qxd3 24. Rxf7 Qxf1+ 25. Qxf1 Rxf7 26. Qe1 Re8 27.
Qxa5 h5 28. Qb5 Re6 29. Qb3 h4 30. Kg2 hxg3 31. hxg3 Kh7 32. Qd3+ Kh8 33. Qd5
Ref6 34. g4 Rf2+ 35. Kg3 Rf1 36. Ne5 R7f6 37. g5 R6f5 38. g6 Be7 39. Nf7+ Rxf7
40. gxf7 Rf6 41. Qh5+ Rh6 42. Qg4 Rf6 43. Qh3+ Rh6 44. Qc8+ Kh7 45. Qg8+ Kg6
1-0

[Event "Torneo Zonal FIDE 2.5 Masculino 2011"]
[Site "Asuncion PAR"]
[Date "2011.05.24"]
[Round "9.7"]
[White "Sabas, Jorge"]
[Black "Latorre, Matias"]
[Result "1-0"]
[WhiteElo "2267"]
[BlackElo "2197"]
[PlyCount "83"]
[EventDate "2011.05.16"]
[EventType "swiss"]
[EventRounds "9"]
[EventCountry "PAR"]
[Source "lmi"]
[SourceDate "2011.05.16"]

1. d4 g6 2. c4 Bg7 3. Nf3 d6 4. Nc3 Bg4 5. e3 c5 6. Be2 cxd4 7. Nxd4 Bxe2 8.
Ndxe2 Nf6 9. O-O O-O 10. Rb1 Qd7 11. b3 Rc8 12. Bb2 Na6 13. Qd2 Nc5 14. f3 a6
15. Nd4 b6 16. Kh1 Ne8 17. e4 Rcb8 18. Ba1 b5 19. Nd5 Nc7 20. Nxc7 Qxc7 21.
Rbc1 b4 22. Rce1 Qb7 23. Qe3 Qb6 24. f4 Ne6 25. e5 Rd8 26. Qe4 dxe5 27. Nc6 f5
28. Nxe7+ Kh8 29. Qc6 Qxc6 30. Nxc6 Rd2 31. Bxe5 Bxe5 32. Nxe5 Nc5 33. Ra1 Kg7
34. Nc6 Nd3 35. Kg1 Rc8 36. Rfd1 Rb2 37. Rxd3 Rxc6 38. Rd7+ Kf6 39. Rad1 Rxa2
40. c5 a5 41. R7d6+ Rxd6 42. cxd6 1-0

[Event "Torneo Zonal FIDE 2.5 Masculino 2011"]
[Site "Asuncion PAR"]
[Date "2011.05.24"]
[Round "9.8"]
[White "Vazquez, Guilermo"]
[Black "Jimenez, Joaquin"]
[Result "1/2-1/2"]
[WhiteElo "2199"]
[BlackElo "2224"]
[PlyCount "85"]
[EventDate "2011.05.16"]
[EventType "swiss"]
[EventRounds "9"]
[EventCountry "PAR"]
[Source "lmi"]
[SourceDate "2011.05.16"]

1. Nf3 Nf6 2. c4 e6 3. g3 b6 4. Bg2 Bb7 5. O-O Be7 6. Nc3 O-O 7. d4 d5 8. Ne5
c6 9. e4 dxc4 10. Nxc4 Ba6 11. b3 b5 12. Ne3 b4 13. Ne2 Bxe2 14. Qxe2 Qxd4 15.
Bb2 Qb6 16. Rac1 Nbd7 17. Rfd1 Rfd8 18. Nc4 Qb5 19. Qc2 Qc5 20. e5 Nd5 21. Bf1
Bg5 22. Bd4 Qf8 23. f4 Be7 24. Bg2 Bc5 25. Kh1 N7b6 26. Qf2 Bxd4 27. Rxd4 Nc3
28. Nd6 Nbd5 29. Rc4 Nb5 30. Nxb5 cxb5 31. Rc5 Rac8 32. Bxd5 exd5 33. Qd4 Rxc5
34. Rxc5 Qe8 35. Rc7 a6 36. f5 Rc8 37. Rxc8 Qxc8 38. Qxd5 Qc1+ 39. Kg2 Qc2+ 40.
Kg1 Qb1+ 41. Kg2 Qc2+ 42. Kg1 Qb1+ 43. Kg2 1/2-1/2